000 00289nam a2200097Ia 4500
001 997514
005 20250826221525.0
008 250824s9999 xx 000 0 und d
245 0 _aFENER ADASI MACERALARI -BÜYÜLÜ ZİNDAN
_cZÜMRÜT TANRIÖVEN YAZICI
260 _bGENÇ HAYAT ÇOCUK YAYINLARI
999 _c997514
_d997514